Państwa z wieloma dużymi wyspami - Statystyki

Ogólne statystyki
  • Ten quiz został rozwiązany 5 017 razy
  • Średni wynik to 9 z 11
Statystyki odpowiedzi
# Państwo % Poprawnych
4 Japonia
92%
18 Kanada
91%
13 Indonezja
90%
6 Rosja
90%
2 Wielka Brytania
85%
2 Nowa Zelandia
79%
7 Filipiny
75%
2 Norwegia
74%
2 Włochy
73%
2 Papua-Nowa Gwinea
52%
2 Brazylia
50%
Nie znaleziono quizów pasujących do podanych kryteriów
Rozkład punktacji
Procent ludzi z każdym wynikiem
Percentyl według liczby udzielonych odpowiedzi
Twoja historia wyników
Nie rozwiązałeś tego quizu